Brett Favre Backups (Green Bay) - Statistics

General Stats
  • This quiz has been taken 4 times
  • The average score is 4 of 12
Answer Stats
Hint Answer % Correct
2005-2007 Aaron Rodgers
75%
1992 Don Majkowski
75%
1994 Mark Brunell
75%
1999-2000 Matt Hasselbeck
75%
1993,1995 Ty Detmer
75%
1996-1998, 2001-2004 Doug Pederson
25%
1995,1996 Jim McMahon
25%
2004-2005 Craig Nall
0%
2006 Ingle Martin
0%
2004 J.T. O'Sullivan
0%
1997 Steve Bono
0%
1995 T.J. Rubley
0%
No matching quizzes found
Score Distribution
Percent of People with Each Score
Percentile by Number Answered
Your Score History
You have not taken this quiz